000
00344 a2200169 4500
001
189565
020
_a
85-7302-768-1
040
_c
Magnum
100
_a
Mosse, Kate
240
1
0
_a
Labirinto
_l
por
245
1
0
_a
Labirinto
300
_a
564
362
0
_a
2006
440
1
_a
Objetiva
697
_a
LITERATURA GERAL ESTRANGEIRA
942
_c
BK
999
_c
189565
_d
189565